000 002550000a22000970004500
100 1 _aShea, William H.
245 1 0 _aThe dedication on the Nora Stone
300 _aVol. 41, Num. 2 (Abril, 1991), Páginas 241-245
773 0 _tVetus Testamentum
942 _cANA
999 _c57666
_d57666